Falošní priatelia (faux-amis) v jazykových kontaktoch slovenčiny s francúzštinou

Bibliographic Details
Main Author: Orgoňová, Oľga, 1962- (Author)
Format: Article
Language:Slovak
PhysicalDescription:Lit. 11 zázn. v slov.
Subjects:

MARC

LEADER 00000nab a2200000 a 4500
001 vtls000462703
003 SK-MaSNL
005 20260304121100.0
008 230223c1991 xo 0 slo
015 |a SNBRA19rr/mm-uuuuu 
035 |a CL0462836 
035 |a urn:nbn:sk:snk-ab98ar 
035 |a (urnnbn)urn:nbn:sk:snk:ar-007adx 
035 |a (uuid)7e3cad5c-3067-4be3-a780-57de9c2d97e5 
040 |a SNKBUCL  |b slo  |c SNKBUCL  |e AACR2 
041 0 |a slo 
044 |a xo  |c SK 
080 |a 801.316.1:808.54:804.0  |2 1981 
080 |a 808.54  |2 1981 
080 |a 804.0  |2 1981 
080 |a 82.035  |2 1981 
100 1 |a Orgoňová, Oľga,  |d 1962-  |4 aut  |9 106705 
245 1 0 |a Falošní priatelia (faux-amis) v jazykových kontaktoch slovenčiny s francúzštinou  |c Oľga Orgoňová 
300 |b Lit. 11 zázn. v slov. 
650 0 7 |a slovenčina  |2 snkbucl  |9 1350 
650 0 7 |a francúzština  |2 snkbucl  |9 1355 
650 0 7 |a lexikológia  |2 snkbucl  |9 866 
650 0 7 |a interlingvizmy  |2 snkbucl  |9 1425612 
650 0 7 |a preklad  |2 snkbucl  |9 25315 
655 7 |a články zo zborníkov  |2 snkbucl  |9 166140 
773 0 |t Studia academica slovaca  |d Bratislava : Alfa, 1991 
850 |a Slovenská národná knižnica v Martine  |a MTA001 
852 |a SNK  |b KIS3GCP 
954 |a odborná, vedecká literatúra pôvodná (slovenská)  |2 lita 
958 |a NB 
958 |a RK 
958 |a OND 
958 |a EUIPO 
958 |a article13 
992 |a RZB 
999 |c 2883349  |d 2885279